[Event "Olimpiada Calviá 2004"]
[Site "Calviá ESP"]
[Date "2004.10.19"]
[Round "5.8"]
[White "Wells, Peter K"]
[Black "Socko, Bartosz"]
[Result "0-1"]
[WhiteElo "2504"]
[BlackElo "2570"]
[PlyCount "116"]
[EventDate "2004.10.15"]
[EventType "team"]
[EventRounds "14"]
[EventCountry "ESP"]
[Source "lmi"]
[SourceDate "2004.10.27"]

1. e4 e5 2. Nf3 Nc6 3. Bb5 a6 4. Ba4 Nf6 5. O-O Be7 6. Re1 b5 7. Bb3 d6 8. c3
O-O 9. h3 Nb8 10. d4 Nbd7 11. Nbd2 Bb7 12. Bc2 Re8 13. Nf1 Bf8 14. Ng3 g6 15.
Bg5 h6 16. Bd2 Bg7 17. Qc1 h5 18. a4 c5 19. d5 c4 20. Bg5 Nc5 21. Nd2 Qc7 22.
Rf1 Nh7 23. Be3 h4 24. Nh1 Rf8 25. f4 exf4 26. Bxf4 Rae8 27. Nf2 f5 28. exf5 g5
29. Bh2 Bxd5 30. axb5 axb5 31. Qd1 Qc6 32. Nf3 Bxf3 33. gxf3 Be5 34. Ng4 Nd7
35. Qd2 Ndf6 36. Bxe5 dxe5 37. Ra7 Kh8 38. Qf2 Nxg4 39. hxg4 Nf6 40. Rfa1 e4
41. R1a6 Qd5 42. Bxe4 Rxe4 43. fxe4 Qd1+ 44. Kg2 Qxg4+ 45. Kh2 Qxe4 46. Qc5
Ng4+ 47. Kg1 Qe1+ 48. Kg2 Qg3+ 49. Kf1 Rxf5+ 50. Qxf5 Ne3+ 51. Ke2 Nxf5 52. Rf7
Qe5+ 53. Kf2 Qe3+ 54. Kf1 Qf3+ 55. Ke1 Qe4+ 56. Kf2 h3 57. Raa7 Qe3+ 58. Kf1
Ng3# 0-1

[Event "Olimpiada Calviá 2004"]
[Site "Calviá ESP"]
[Date "2004.10.19"]
[Round "5.9"]
[White "Gulko, Boris F"]
[Black "Filippov, Anton"]
[Result "0-1"]
[WhiteElo "2600"]
[BlackElo "2475"]
[PlyCount "112"]
[EventDate "2004.10.15"]
[EventType "team"]
[EventRounds "14"]
[EventCountry "ESP"]
[Source "lmi"]
[SourceDate "2004.10.27"]

1. d4 Nf6 2. c4 e6 3. Nc3 Bb4 4. e3 Bxc3+ 5. bxc3 c5 6. Bd3 Nc6 7. Ne2 d6 8. e4
e5 9. dxc5 dxc5 10. Ng3 Be6 11. Nf1 Qa5 12. Qc2 O-O-O 13. Ne3 Rxd3 14. Qxd3 Rd8
15. Nd5 Nxe4 16. O-O Nd6 17. Re1 Qa4 18. Ne3 f5 19. Qe2 g6 20. f3 Nxc4 21. Nxc4
Qxc4 22. Bg5 Qxe2 23. Rxe2 Rd6 24. a3 Bc4 25. Rd2 Bd3 26. c4 Na5 27. Rad1 e4
28. fxe4 fxe4 29. Rf1 Nxc4 30. Rf8+ Kc7 31. Rdf2 Rd7 32. R2f6 b6 33. a4 e3 34.
Bf4+ Kb7 35. R8f7 Rxf7 36. Rxf7+ Ka6 37. Bb8 Ka5 38. Rxa7+ Kb4 39. Rxh7 e2 40.
Re7 Kxa4 41. h4 Na3 42. g4 Nc2 43. Bg3 b5 44. h5 gxh5 45. gxh5 b4 46. Ra7+ Kb3
47. h6 e1=Q+ 48. Bxe1 Nxe1 49. Kf2 Nc2 50. Rd7 Nd4 51. Ke3 Kc3 52. h7 Bxh7 53.
Rxh7 b3 54. Ke4 b2 55. Rh3+ Kb4 56. Rh1 Nb5 0-1

[Event "Olimpiada Calviá 2004"]
[Site "Calviá ESP"]
[Date "2004.10.19"]
[Round "5.10"]
[White "Van Den Doel, Erik"]
[Black "Dinh, Duc Trong"]
[Result "1-0"]
[WhiteElo "2560"]
[BlackElo "2392"]
[PlyCount "93"]
[EventDate "2004.10.15"]
[EventType "team"]
[EventRounds "14"]
[EventCountry "ESP"]
[Source "lmi"]
[SourceDate "2004.10.27"]

1. e4 g6 2. d4 c6 3. Nc3 d5 4. h3 Bg7 5. Nf3 dxe4 6. Nxe4 Nd7 7. Bc4 Ndf6 8.
Nxf6+ Nxf6 9. O-O O-O 10. Re1 Nd5 11. Qe2 Re8 12. Bb3 a5 13. a3 Qb6 14. Rd1 Bf5
15. Ba2 Rad8 16. c4 Qa6 17. Bg5 Nf6 18. Rac1 Ne4 19. Bf4 Nd6 20. Re1 Bc8 21.
Rcd1 Nf5 22. Be5 Bxe5 23. Qxe5 Be6 24. Rc1 Nd6 25. Nd2 Qa7 26. Bb1 Nf5 27. Bxf5
Bxf5 28. Nf3 Qb6 29. Re2 Qa6 30. Qe3 Kg7 31. Qc3 Kg8 32. Re5 b6 33. Qe3 Qb7 34.
Re1 e6 35. Qh6 f6 36. R5e3 c5 37. d5 e5 38. Nh4 Re7 39. Nxf5 gxf5 40. Qxf6 Rf8
41. Rg3+ Rg7 42. Qxe5 a4 43. Qf4 Rxg3 44. Qxg3+ Qg7 45. Qxg7+ Kxg7 46. Re7+ Kg8
47. d6 1-0

[Event "Olimpiada Calviá 2004"]
[Site "Calviá ESP"]
[Date "2004.10.19"]
[Round "5.10"]
[White "Bao, Quang"]
[Black "Nijboer, Friso"]
[Result "0-1"]
[WhiteElo "2376"]
[BlackElo "2567"]
[PlyCount "88"]
[EventDate "2004.10.15"]
[EventType "team"]
[EventRounds "14"]
[EventCountry "ESP"]
[Source "lmi"]
[SourceDate "2004.10.27"]

1. Nf3 f5 2. g3 Nf6 3. Bg2 g6 4. O-O Bg7 5. d3 Nc6 6. c4 O-O 7. Nc3 d6 8. Bg5
h6 9. Bd2 e5 10. Rb1 Be6 11. Qa4 Ne7 12. e4 g5 13. exf5 Bxf5 14. Qc2 Qd7 15.
Ne1 c6 16. Be4 Bh3 17. Bg2 d5 18. Ne2 Bf5 19. Bb4 Rfe8 20. Rd1 Ng6 21. Qb3 a5
22. Bc5 a4 23. Qb4 dxc4 24. Qxc4+ Be6 25. Qc2 Bxa2 26. Nc1 Be6 27. Nf3 Bg4 28.
Rde1 Nd5 29. Nd2 b6 30. Ba3 b5 31. Bc5 Nf8 32. Na2 Ne6 33. Ne4 Nxc5 34. Qxc5
Re6 35. Nac3 Ne7 36. h3 Bf5 37. Qe3 Qa7 38. Nc5 Rd6 39. N3e4 Rd5 40. Rc1 b4 41.
Qd2 a3 42. bxa3 bxa3 43. g4 Bg6 44. Ng3 Rxc5 0-1

[Event "Olimpiada Calviá 2004"]
[Site "Calviá ESP"]
[Date "2004.10.19"]
[Round "5.11"]
[White "Tyomkin, Dimitri"]
[Black "Torre, Eugenio"]
[Result "1-0"]
[WhiteElo "2505"]
[BlackElo "2518"]
[PlyCount "71"]
[EventDate "2004.10.15"]
[EventType "team"]
[EventRounds "14"]
[EventCountry "ESP"]
[Source "lmi"]
[SourceDate "2004.10.27"]

1. e4 e5 2. Nf3 Nc6 3. Bc4 Nf6 4. d3 Be7 5. O-O O-O 6. Re1 d6 7. a4 Be6 8. h3
Qd7 9. Nc3 Na5 10. Ba2 Bxa2 11. Rxa2 Nc6 12. Bg5 Rae8 13. a5 a6 14. Bxf6 Bxf6
15. Nd5 Bd8 16. b4 Re6 17. c4 Rg6 18. Kh1 f5 19. b5 Nb8 20. exf5 Rxf5 21. bxa6
Nxa6 22. d4 Rh5 23. Ng1 Rh4 24. dxe5 Nc5 25. Ree2 Ne6 26. Nf3 Rhh6 27. exd6
Qxd6 28. Rad2 Qf8 29. Nf4 Qxf4 30. Rxd8+ Nf8 31. Qd5+ Kh8 32. Ree8 Rf6 33. Qe4
Qc1+ 34. Kh2 Qa3 35. Qe3 Qb4 36. c5 1-0

[Event "Olimpiada Calviá 2004"]
[Site "Calviá ESP"]
[Date "2004.10.19"]
[Round "5.11"]
[White "Antonio, Rogelio"]
[Black "Bluvshtein, Mark"]
[Result "1/2-1/2"]
[WhiteElo "2524"]
[BlackElo "2502"]
[PlyCount "62"]
[EventDate "2004.10.15"]
[EventType "team"]
[EventRounds "14"]
[EventCountry "ESP"]
[Source "lmi"]
[SourceDate "2004.10.27"]

1. e4 e5 2. Nf3 Nf6 3. Nc3 Nc6 4. d4 exd4 5. Nxd4 Bb4 6. Nxc6 bxc6 7. Bd3 O-O
8. O-O d5 9. exd5 cxd5 10. Bg5 c6 11. Qf3 Be7 12. Rae1 Re8 13. h3 h6 14. Bf4
Bd6 15. Rxe8+ Nxe8 16. Ne2 Nf6 17. b3 c5 18. Rd1 Bb7 19. c4 Qb6 20. Qg3 Nh5 21.
Qg4 Nf6 22. Qg3 Nh5 23. Qh4 Nxf4 24. Nxf4 d4 25. Re1 Qd8 26. Qg4 Qg5 27. Nd5
Qxg4 28. hxg4 Kf8 29. Kf1 Re8 30. Rxe8+ Kxe8 31. Be4 Bxd5 1/2-1/2

[Event "Olimpiada Calviá 2004"]
[Site "Calviá ESP"]
[Date "2004.10.19"]
[Round "5.11"]
[White "Zugic, Igor"]
[Black "Gonzales, Jayson"]
[Result "0-1"]
[WhiteElo "2479"]
[BlackElo "2422"]
[PlyCount "168"]
[EventDate "2004.10.15"]
[EventType "team"]
[EventRounds "14"]
[EventCountry "ESP"]
[Source "lmi"]
[SourceDate "2004.10.27"]

1. d4 d5 2. c4 c6 3. Nf3 Nf6 4. e3 e6 5. Bd3 Nbd7 6. Nbd2 Bd6 7. O-O O-O 8. e4
e5 9. cxd5 cxd5 10. exd5 exd4 11. Ne4 Qb6 12. Nxd6 Qxd6 13. Nxd4 Qxd5 14. Nf5
Kh8 15. Ne7 Qd6 16. Nxc8 Raxc8 17. Bf5 Qe5 18. Qf3 Rc6 19. Qh3 Nb6 20. Rb1 Rc5
21. g4 g6 22. Bh6 Re8 23. Bd3 Qd4 24. Be3 Qxd3 25. Rbd1 Rxe3 26. fxe3 Qe2 27.
Rde1 Qxg4+ 28. Qxg4 Nxg4 29. Rxf7 Ne5 30. Rf2 Kg7 31. Rd1 Nd5 32. Re2 Nf6 33.
Kg2 h5 34. Rd8 Rc7 35. Rd4 Re7 36. h3 Nc6 37. Rd6 Ne4 38. Rd1 h4 39. a3 Ng3 40.
Ree1 Ne5 41. Rd4 Rc7 42. Rd2 Ne4 43. Rde2 Ng3 44. Rd2 Nc4 45. Rf2 Re7 46. Rf4
Nxb2 47. Rb1 Nd3 48. Rxh4 Nf5 49. Ra4 b6 50. e4 Nc5 51. Rab4 Nd6 52. Rd4 Ndxe4
53. Re1 Kf6 54. Rd8 Ke6 55. Rg8 Kf7 56. Rh8 Kg7 57. Rd8 Re5 58. Re3 Rg5+ 59.
Kf3 Rf5+ 60. Ke2 Rf2+ 61. Ke1 Ra2 62. Rf3 Ng5 63. Re3 Nge6 64. Ra8 a6 65. Rf3
g5 66. Ra7+ Kg6 67. Ra8 Nf4 68. Rd8 Ne4 69. Rd4 Ra1+ 70. Rd1 Ra2 71. Rd4 Ra1+
72. Rd1 Rxd1+ 73. Kxd1 Nxh3 74. Rf8 g4 75. Ke2 Nhg5 76. Rb8 b5 77. Rb6+ Kf5 78.
Rxa6 g3 79. Kf1 Kg4 80. Ra8 Nh3 81. a4 b4 82. Rb8 Kf3 83. Rf8+ Nf4 84. Kg1 Nc3
0-1

[Event "Olimpiada Calviá 2004"]
[Site "Calviá ESP"]
[Date "2004.10.19"]
[Round "5.12"]
[White "Felgaer, Ruben"]
[Black "Hansen, Sune Berg"]
[Result "1/2-1/2"]
[WhiteElo "2569"]
[BlackElo "2551"]
[PlyCount "80"]
[EventDate "2004.10.15"]
[EventType "team"]
[EventRounds "14"]
[EventCountry "ESP"]
[Source "lmi"]
[SourceDate "2004.10.27"]

1. e4 c5 2. Nc3 d6 3. Nge2 Nf6 4. d4 cxd4 5. Nxd4 a6 6. a4 e5 7. Nf3 Be7 8. Bc4
Be6 9. Qe2 Qc7 10. Bb3 Nc6 11. O-O Rc8 12. Bg5 Nd8 13. Bxf6 Bxf6 14. Nd5 Bxd5
15. Bxd5 Qxc2 16. Qxc2 Rxc2 17. b4 Nc6 18. b5 Na5 19. Rfb1 O-O 20. bxa6 bxa6
21. Rb6 Rfc8 22. g3 Nc6 23. Rxa6 Nb4 24. Rxd6 Be7 25. Rd7 Nxd5 26. Rxd5 f6 27.
a5 Rc1+ 28. Rxc1 Rxc1+ 29. Kg2 Ra1 30. Nd2 Bb4 31. Nc4 h5 32. Rb5 Be1 33. Rb8+
Kh7 34. Rb7 Ra2 35. Nd6 Bxf2 36. Nf5 Bc5+ 37. Kh1 Ra1+ 38. Kg2 Ra2+ 39. Kh1
Ra1+ 40. Kg2 Ra2+ 1/2-1/2

[Event "Olimpiada Calviá 2004"]
[Site "Calviá ESP"]
[Date "2004.10.19"]
[Round "5.12"]
[White "Schandorff, Lars"]
[Black "Campora, Daniel H"]
[Result "1/2-1/2"]
[WhiteElo "2510"]
[BlackElo "2549"]
[PlyCount "74"]
[EventDate "2004.10.15"]
[EventType "team"]
[EventRounds "14"]
[EventCountry "ESP"]
[Source "lmi"]
[SourceDate "2004.10.27"]

1. d4 Nf6 2. c4 e6 3. Nf3 b6 4. g3 Ba6 5. b3 d5 6. cxd5 Nxd5 7. Bg2 Bb4+ 8. Bd2
c5 9. O-O Nc6 10. Bxb4 cxb4 11. Re1 Rc8 12. Qd2 Qd6 13. e4 Nc3 14. d5 Ne5 15.
dxe6 Qxe6 16. Nxe5 Qxe5 17. Nxc3 bxc3 18. Qd5 Qe7 19. e5 O-O 20. Qd6 Qe6 21.
Bd5 Qxd6 22. exd6 Rfd8 23. Rac1 g6 24. Red1 Kg7 25. Be4 Kf6 26. Bd3 b5 27. Bf1
Rc6 28. b4 Rcxd6 29. Rxd6+ Rxd6 30. Rxc3 Bb7 31. Bxb5 Rb6 32. Be2 Rxb4 33. Bf3
Ke5 34. Kg2 Bxf3+ 35. Rxf3 Rb7 36. Ra3 Ke4 37. Ra5 Rc7 1/2-1/2

[Event "Olimpiada Calviá 2004"]
[Site "Calviá ESP"]
[Date "2004.10.19"]
[Round "5.12"]
[White "Ricardi, Pablo"]
[Black "Pedersen, Nicolai Vesterbaek"]
[Result "1-0"]
[WhiteElo "2548"]
[BlackElo "2466"]
[PlyCount "103"]
[EventDate "2004.10.15"]
[EventType "team"]
[EventRounds "14"]
[EventCountry "ESP"]
[Source "lmi"]
[SourceDate "2004.10.27"]

1. Nf3 Nf6 2. g3 d5 3. c4 e6 4. b3 Be7 5. Bg2 a5 6. Nc3 c6 7. O-O d4 8. Na4 b5
9. Nb2 b4 10. Na4 Ra7 11. e3 dxe3 12. dxe3 Qc7 13. e4 Nfd7 14. e5 c5 15. Re1
Nb6 16. Nxb6 Qxb6 17. Ng5 Bb7 18. Ne4 O-O 19. Qh5 Bxe4 20. Rxe4 Rd8 21. Bh6 Rd4
22. Qg4 g6 23. Be3 Rxe4 24. Qxe4 a4 25. Rd1 axb3 26. axb3 Rc7 27. h4 Nc6 28.
Rd6 Bxd6 29. exd6 Rc8 30. d7 Rc7 31. Qxc6 Rxc6 32. Bxc6 Kg7 33. Ba4 e5 34. Bxc5
Qd8 35. Ba7 e4 36. Kg2 Qf6 37. Be3 h6 38. c5 g5 39. c6 gxh4 40. Bf4 e3 41. Bxe3
hxg3 42. fxg3 Qe7 43. Kf3 Qf6+ 44. Ke4 Qg6+ 45. Kd4 Qc2 46. Kd5 Qf5+ 47. Kc4
Qe6+ 48. Kb5 Qe5+ 49. Bc5 Qd5 50. Kb6 h5 51. c7 Qe6+ 52. Bc6 1-0

[Event "Olimpiada Calviá 2004"]
[Site "Calviá ESP"]
[Date "2004.10.19"]
[Round "5.12"]
[White "Mortensen, Erling"]
[Black "Soppe, Guillermo"]
[Result "1/2-1/2"]
[WhiteElo "2465"]
[BlackElo "2433"]
[PlyCount "151"]
[EventDate "2004.10.15"]
[EventType "team"]
[EventRounds "14"]
[EventCountry "ESP"]
[Source "lmi"]
[SourceDate "2004.10.27"]

1. e4 c6 2. d4 d5 3. exd5 cxd5 4. c4 Nf6 5. Nc3 g6 6. cxd5 Bg7 7. Bc4 O-O 8.
Nf3 Nbd7 9. O-O Nb6 10. Bb3 Nbxd5 11. Re1 b6 12. Bg5 Bb7 13. Ne5 Nxc3 14. bxc3
Rc8 15. Qd3 Rc7 16. Rad1 Qc8 17. c4 Ng4 18. Nxg4 Qxg4 19. Qg3 Qxg3 20. hxg3 Rd8
21. Bf4 Rcd7 22. d5 Ba6 23. Re4 e6 24. Rde1 Bc3 25. Rc1 Bb2 26. Rb1 exd5 27.
cxd5 Bd3 28. Rxb2 Bxe4 29. d6 Rxd6 30. Bxd6 Rxd6 31. Re2 Rd4 32. f3 Bd5 33.
Re8+ Kg7 34. Rd8 Bxb3 35. Rxd4 Bxa2 36. Ra4 Be6 37. Rxa7 b5 38. Rb7 Bc4 39. g4
Kf6 40. Kf2 h6 41. Rb6+ Kg7 42. Ke3 Bf1 43. g3 Bc4 44. Kf4 Be2 45. Rc6 Kf8 46.
Rc3 Kg7 47. Re3 Bd1 48. Re1 Bc2 49. Re2 Bb3 50. Rb2 Bc4 51. g5 hxg5+ 52. Kxg5
Bd3 53. Rd2 Bc4 54. Rd4 Be2 55. Kf4 Kf6 56. Rd6+ Ke7 57. Rb6 Kd7 58. Ke3 Bc4
59. Kd4 Kc7 60. Rf6 Kd7 61. Ra6 Be6 62. Rb6 Bc4 63. f4 Kc7 64. Kc5 Kd7 65. Ra6
Ke7 66. Kd4 Kd7 67. Ke5 Kc7 68. Rd6 Be6 69. Rd1 b4 70. g4 Bxg4 71. Rb1 Kd7 72.
Rxb4 Ke7 73. Rb7+ Bd7 74. Ra7 f6+ 75. Kd5 Ke8 76. Kd6 1/2-1/2

[Event "Olimpiada Calviá 2004"]
[Site "Calviá ESP"]
[Date "2004.10.19"]
[Round "5.13"]
[White "Sadvakasov, Darmen"]
[Black "Damljanovic, Branko"]
[Result "1/2-1/2"]
[WhiteElo "2631"]
[BlackElo "2578"]
[PlyCount "117"]
[EventDate "2004.10.15"]
[EventType "team"]
[EventRounds "14"]
[EventCountry "ESP"]
[Source "lmi"]
[SourceDate "2004.10.27"]

1. e4 c5 2. Nf3 Nc6 3. d4 cxd4 4. Nxd4 Nf6 5. Nc3 d6 6. Bg5 e6 7. Qd2 Qb6 8.
O-O-O Nxd4 9. Qxd4 Qxd4 10. Rxd4 a6 11. f3 Bd7 12. Bc4 Bc6 13. Rhd1 Be7 14. Bb3
Rd8 15. R4d2 Nh5 16. Be3 g5 17. g3 Rg8 18. Bb6 Rc8 19. Ba5 Nf6 20. Bb4 g4 21.
f4 Bxe4 22. Bxd6 Bf3 23. Re1 Bxd6 24. Rxd6 Ke7 25. Rd3 Rc5 26. Kd2 Bc6 27. Rde3
Rd8+ 28. Rd3 Rh5 29. Re2 Bf3 30. Rf2 b5 31. a3 a5 32. Rxd8 Kxd8 33. Ke3 b4 34.
axb4 axb4 35. Nb1 Ra5 36. Nd2 Bd5 37. Bc4 Ke7 38. Kd4 h5 39. Bxd5 exd5 40. Ke5
Ra2 41. Re2 Rxb2 42. Kf5+ Ne4 43. Nxe4 dxe4 44. Rxe4+ Kd6 45. Rc4 b3 46. cxb3
Rxh2 47. Rd4+ Kc6 48. Kg5 Rh3 49. b4 f5 50. Rd8 Rxg3 51. Kxh5 Rb3 52. Kg5 Rxb4
53. Kxf5 g3 54. Ke5 g2 55. Rg8 Rb2 56. Ke4 Kd6 57. Rg6+ Ke7 58. Kf3 Kf7 59.
Rxg2 1/2-1/2

[Event "Olimpiada Calviá 2004"]
[Site "Calviá ESP"]
[Date "2004.10.19"]
[Round "5.13"]
[White "Gnusarev, Petr"]
[Black "Markus, Robert"]
[Result "0-1"]
[WhiteElo "2357"]
[BlackElo "2555"]
[PlyCount "112"]
[EventDate "2004.10.15"]
[EventType "team"]
[EventRounds "14"]
[EventCountry "ESP"]
[Source "lmi"]
[SourceDate "2004.10.27"]

1. d4 Nf6 2. c4 e6 3. Nc3 Bb4 4. e3 b6 5. f3 O-O 6. e4 Nh5 7. Nh3 c5 8. d5 d6
9. Bg5 Bxc3+ 10. bxc3 f6 11. Be3 f5 12. dxe6 Bxe6 13. Ng5 Qe7 14. Nxe6 Qxe6 15.
Qd5 Qxd5 16. exd5 Nd7 17. Kd2 f4 18. Bf2 Ne5 19. Be2 Nf6 20. a4 g5 21. Kc2 Kg7
22. a5 Nfd7 23. h4 h6 24. hxg5 hxg5 25. Rh5 Rh8 26. Rxh8 Rxh8 27. axb6 axb6 28.
Ra7 Kg6 29. Bd4 cxd4 30. cxd4 Rh2 31. dxe5 Nxe5 32. Bf1 g4 33. fxg4 f3 34. Re7
fxg2 35. Bxg2 Rxg2+ 36. Kc3 Rf2 37. Rb7 Rf3+ 38. Kb4 Rf1 39. Re7 Rb1+ 40. Kc3
Rc1+ 41. Kd2 Rxc4 42. Re6+ Kg5 43. Rxd6 b5 44. Rb6 b4 45. d6 Kxg4 46. Rb5 Kf4
47. Rd5 Nf3+ 48. Kd1 b3 49. Rb5 Nd4 50. Rb7 Rc8 51. d7 Rd8 52. Kd2 Ke4 53. Kc3
Ke5 54. Kd3 Kd5 55. Rb4 Ne6 56. Kc3 Nc5 0-1

[Event "Olimpiada Calviá 2004"]
[Site "Calviá ESP"]
[Date "2004.10.19"]
[Round "5.13"]
[White "Kosic, Dragan"]
[Black "Kuderinov, Kirill"]
[Result "1-0"]
[WhiteElo "2519"]
[BlackElo "2323"]
[PlyCount "81"]
[EventDate "2004.10.15"]
[EventType "team"]
[EventRounds "14"]
[EventCountry "ESP"]
[Source "lmi"]
[SourceDate "2004.10.27"]

1. d4 Nf6 2. Nf3 b6 3. c4 Bb7 4. Nc3 e6 5. Bf4 Bb4 6. Qb3 Bxc3+ 7. Qxc3 d6 8.
Nd2 Nbd7 9. Bg3 Nh5 10. e4 Qf6 11. Rc1 Nxg3 12. hxg3 c5 13. d5 Qxc3 14. Rxc3
Ke7 15. g4 h6 16. Be2 Ne5 17. Nf1 b5 18. cxb5 exd5 19. exd5 Bxd5 20. Ne3 Bb7
21. Nf5+ Kd7 22. f4 Ng6 23. O-O Ne7 24. Nxg7 Kc7 25. Nh5 a6 26. bxa6 Bxa6 27.
Bxa6 Rxa6 28. a3 Nc6 29. Nf6 Nd4 30. Re1 Kc6 31. Re4 Nb5 32. Rd3 Nc7 33. Re7
Rb8 34. Rd2 Rf8 35. Nd7 Rg8 36. Rxf7 Raa8 37. Kh2 Rxg4 38. Nf6 Rh4+ 39. Kg1 Ne6
40. g3 Nd4 41. Rf2 1-0

[Event "Olimpiada Calviá 2004"]
[Site "Calviá ESP"]
[Date "2004.10.19"]
[Round "5.14"]
[White "Mastrovasilis, Athanasios"]
[Black "Haba, Petr"]
[Result "1/2-1/2"]
[WhiteElo "2502"]
[BlackElo "2520"]
[PlyCount "27"]
[EventDate "2004.10.15"]
[EventType "team"]
[EventRounds "14"]
[EventCountry "ESP"]
[Source "lmi"]
[SourceDate "2004.10.27"]

1. c4 e6 2. Nf3 d5 3. d4 c6 4. Nbd2 Nf6 5. g3 Nbd7 6. Bg2 b6 7. O-O Bb7 8. Qc2
c5 9. cxd5 Nxd5 10. Nb3 Rc8 11. dxc5 Nxc5 12. Bg5 Be7 13. Bxe7 Qxe7 14. Nxc5
1/2-1/2

[Event "Olimpiada Calviá 2004"]
[Site "Calviá ESP"]
[Date "2004.10.19"]
[Round "5.16"]
[White "Miezis, Normunds"]
[Black "Vasquez, Rodrigo"]
[Result "1/2-1/2"]
[WhiteElo "2524"]
[BlackElo "2546"]
[PlyCount "26"]
[EventDate "2004.10.15"]
[EventType "team"]
[EventRounds "14"]
[EventCountry "ESP"]
[Source "lmi"]
[SourceDate "2004.10.27"]

1. c4 e5 2. Nc3 Bb4 3. g3 Bxc3 4. dxc3 d6 5. Bg2 f5 6. Nf3 Nf6 7. O-O O-O 8. b3
Nc6 9. Ba3 Qe7 10. Qc2 Bd7 11. Rad1 Rae8 12. Bc1 b6 13. Rfe1 a6 1/2-1/2

[Event "Olimpiada Calviá 2004"]
[Site "Calviá ESP"]
[Date "2004.10.19"]
[Round "5.16"]
[White "Castellanos, Renier"]
[Black "Meijers, Viesturs"]
[Result "0-1"]
[WhiteElo "2449"]
[BlackElo "2465"]
[PlyCount "96"]
[EventDate "2004.10.15"]
[EventType "team"]
[EventRounds "14"]
[EventCountry "ESP"]
[Source "lmi"]
[SourceDate "2004.10.27"]

1. e4 c5 2. Nf3 e6 3. d4 cxd4 4. Nxd4 a6 5. Bd3 Nf6 6. O-O d6 7. c4 Nbd7 8. Nc3
g6 9. Be3 Bg7 10. Be2 O-O 11. Qd2 Qc7 12. Rfd1 Ne5 13. f3 b6 14. Rac1 Bb7 15.
b3 Rac8 16. Kh1 Ba8 17. Bf1 Qb8 18. Bg5 Qc7 19. Nde2 Ne8 20. Be3 Rb8 21. Na4
Bc6 22. Nac3 Qe7 23. Nf4 Nd7 24. b4 Ba8 25. Na4 f5 26. exf5 Rxf5 27. Re1 Be5
28. Nd3 Qh4 29. Nxe5 Nxe5 30. Qd4 Qh5 31. Rc2 Rxf3 32. Bg1 Qf5 33. Rf2 Rxf2 34.
Qxf2 b5 35. cxb5 axb5 36. Nc3 Bc6 37. Qd4 Nf3 38. Qe3 Nxe1 39. Qxe1 Nf6 40. Qd1
Nd5 41. Ne2 Rf8 42. Ng3 Qf4 43. Qe1 e5 44. a3 Kg7 45. Qd1 h5 46. Bxb5 Bxb5 47.
Qxd5 Bc4 48. Qxd6 h4 0-1

[Event "Olimpiada Calviá 2004"]
[Site "Calviá ESP"]
[Date "2004.10.19"]
[Round "5.16"]
[White "Antoms, Guntars"]
[Black "Llorens, Marcelo"]
[Result "0-1"]
[WhiteElo "2461"]
[BlackElo "2375"]
[PlyCount "104"]
[EventDate "2004.10.15"]
[EventType "team"]
[EventRounds "14"]
[EventCountry "ESP"]
[Source "lmi"]
[SourceDate "2004.10.27"]

1. c4 e5 2. Nc3 Nf6 3. g3 Bb4 4. Bg2 O-O 5. e4 Bxc3 6. dxc3 d6 7. Ne2 Be6 8. b3
Nbd7 9. h3 Nc5 10. Qc2 h6 11. Be3 Qe7 12. g4 a5 13. Ng3 Rfe8 14. Rd1 b6 15. f3
Qd7 16. h4 Rad8 17. Ke2 a4 18. g5 axb3 19. axb3 Nh7 20. Nf5 Qc6 21. gxh6 Bxf5
22. exf5 e4 23. Rhg1 d5 24. fxe4 dxe4 25. Bh1 Rd3 26. Rxg7+ Kh8 27. Bd4 f6 28.
Ke1 Qa8 29. Rb1 Rh3 30. Bg2 Rxh4 31. b4 Nd3+ 32. Kf1 Rxh6 33. Rg6 Rh5 34. Kg1
Rxf5 35. Qxd3 exd3 36. Bxa8 Rxa8 37. Rd1 c5 38. Bf2 Ng5 39. bxc5 bxc5 40. Rh6+
Kg7 41. Rh1 Ra2 42. Be3 Nf3+ 43. Kf1 Nd2+ 44. Ke1 Nf3+ 45. Kf1 Nd2+ 46. Ke1
Nxc4 47. Rg1+ Kf7 48. Rxd3 Rf3 49. Rd7+ Ke6 50. Rgg7 Rxe3+ 51. Kd1 Rh3 52.
Rge7+ Kf5 0-1

[Event "Olimpiada Calviá 2004"]
[Site "Calviá ESP"]
[Date "2004.10.19"]
[Round "5.18"]
[White "Borisek, Jure"]
[Black "Kovalev, Andrei"]
[Result "1-0"]
[WhiteElo "2489"]
[BlackElo "2575"]
[PlyCount "113"]
[EventDate "2004.10.15"]
[EventType "team"]
[EventRounds "14"]
[EventCountry "ESP"]
[Source "lmi"]
[SourceDate "2004.10.27"]

1. e4 c5 2. Nf3 Nc6 3. d4 cxd4 4. Nxd4 Nf6 5. Nc3 d6 6. Bg5 e6 7. Qd2 Be7 8. f4
Nxd4 9. Qxd4 O-O 10. O-O-O Qa5 11. Bc4 Bd7 12. e5 dxe5 13. fxe5 Bc6 14. Bd2 Nd7
15. Nd5 Qc5 16. Nxe7+ Qxe7 17. Rhe1 Rfd8 18. Qg4 Nf8 19. Bf1 Ng6 20. Bb4 Rxd1+
21. Rxd1 Nxe5 22. Qxg7+ Kxg7 23. Bxe7 Ng4 24. Be2 Ne3 25. Rg1 Rc8 26. Bg5 Nf5
27. Bd2 f6 28. Bd1 Nh4 29. Be2 e5 30. Be3 Be4 31. c3 Kf7 32. Bf1 a6 33. Bf2 Ng6
34. g3 Bd5 35. Kc2 f5 36. Be2 Ke6 37. b3 b5 38. Ra1 Be4+ 39. Kd2 Rd8+ 40. Ke1
Rc8 41. c4 bxc4 42. Bxc4+ Bd5 43. Bxa6 Ra8 44. Bb5 Bxb3 45. a4 e4 46. a5 Ne5
47. a6 Bd5 48. a7 Nd3+ 49. Ke2 Nxf2 50. Kxf2 Rc8 51. Ke3 Ke5 52. Bd7 Rc3+ 53.
Kf2 Rc2+ 54. Ke1 Ba8 55. h4 f4 56. Ra3 Kd6 57. Ba4 1-0

[Event "Olimpiada Calviá 2004"]
[Site "Calviá ESP"]
[Date "2004.10.19"]
[Round "5.19"]
[White "Sulskis, Sarunas"]
[Black "Wu, Shaobin"]
[Result "1/2-1/2"]
[WhiteElo "2555"]
[BlackElo "2504"]
[PlyCount "119"]
[EventDate "2004.10.15"]
[EventType "team"]
[EventRounds "14"]
[EventCountry "ESP"]
[Source "lmi"]
[SourceDate "2004.10.27"]

1. e4 c6 2. d4 d5 3. exd5 cxd5 4. c4 Nf6 5. Nc3 e6 6. Nf3 Be7 7. cxd5 Nxd5 8.
Bd3 Nc6 9. O-O O-O 10. Re1 Nf6 11. a3 b6 12. Bc2 Ba6 13. Bg5 Rc8 14. Qd2 Nd5
15. h4 Nxc3 16. bxc3 Qc7 17. Qe3 Bc4 18. Nd2 Na5 19. Bf4 Bd6 20. Bxd6 Qxd6 21.
h5 Bd5 22. h6 g6 23. Be4 Nc4 24. Qf3 Rfd8 25. Bxd5 Nxd2 26. Qd3 Qxd5 27. Qxd2
Qd6 28. a4 Rd7 29. a5 b5 30. a6 Rdc7 31. Re5 Rxc3 32. Rxb5 R3c6 33. d5 Rc2 34.
Qg5 f6 35. Qe3 exd5 36. Rd1 Qxa6 37. Rbxd5 Qb6 38. Qf4 R2c4 39. Rd8+ Rxd8 40.
Qxc4+ Kf8 41. Re1 Qd6 42. g3 a5 43. Re6 Qd1+ 44. Kg2 Qd5+ 45. Qxd5 Rxd5 46.
Rxf6+ Kg8 47. Ra6 Rh5 48. Ra8+ Kf7 49. Ra7+ Kg8 50. g4 Rxh6 51. Rxa5 Kf7 52.
Ra7+ Ke6 53. f3 Kf6 54. Ra5 g5 55. f4 Rg6 56. Ra6+ Kg7 57. Ra7+ Kg8 58. f5 Rb6
59. Kf3 Rb4 60. Re7 1/2-1/2

[Event "Olimpiada Calviá 2004"]
[Site "Calviá ESP"]
[Date "2004.10.19"]
[Round "5.19"]
[White "Wong, Meng-Kong"]
[Black "Kveinys, Aloyzas"]
[Result "1/2-1/2"]
[WhiteElo "2470"]
[BlackElo "2531"]
[PlyCount "101"]
[EventDate "2004.10.15"]
[EventType "team"]
[EventRounds "14"]
[EventCountry "ESP"]
[Source "lmi"]
[SourceDate "2004.10.27"]

1. d4 Nf6 2. c4 e6 3. Nf3 c5 4. g3 cxd4 5. Nxd4 Bb4+ 6. Nc3 Ne4 7. Qd3 Qa5 8.
Ndb5 a6 9. Qxe4 axb5 10. Bd2 bxc4 11. Qxc4 Nc6 12. Bg2 d5 13. Qd3 O-O 14. O-O
Ne5 15. Qc2 Nc4 16. Be1 Bd7 17. Ne4 h6 18. Bxb4 Qxb4 19. Qb3 Qe7 20. Qc3 b5 21.
Nd2 b4 22. Qc2 Ba4 23. Qd3 Bb5 24. Qc2 Rfc8 25. Nxc4 Rxc4 26. Qd2 Rac8 27. Rfc1
Rxc1+ 28. Rxc1 Rxc1+ 29. Qxc1 Bxe2 30. Qe1 Bc4 31. b3 Bb5 32. Bxd5 Qc5 33. Bg2
Bd3 34. Bf1 Bf5 35. Bc4 Qd4 36. Kg2 Qc3 37. Qe2 g5 38. h3 Kg7 39. f3 Kf6 40.
Qf2 h5 41. g4 Bb1 42. h4 Qe5 43. hxg5+ Kxg5 44. Qd2+ Kg6 45. gxh5+ Kxh5 46.
Qxb4 Qe3 47. Qb7 Qd2+ 48. Kg3 Qe1+ 49. Kg2 Qd2+ 50. Kg3 Qe1+ 51. Kg2 1/2-1/2